| 000 | 00676nac a22001931u 4500 | ||
|---|---|---|---|
| 010 | _a 00034301 | ||
| 020 | _a0465016146 (alk. paper) | ||
| 082 | 0 | 0 |
_a330.122 _bSOT |
| 090 |
_c7172 _d7172 |
||
| 100 | _aSoto, Hernando de, | ||
| 245 | 1 | 4 |
_aThe mystery of capital : why captitalism triumphs in the West and fails everywhere else / _cHernando de Soto. |
| 260 |
_aNew York : _bBasic Books,c2000. _cc2000. |
||
| 300 |
_a276 p. : _bill. ; _c25 cm. |
||
| 500 | _aDistributer : Baccah. | ||
| 504 | _aIncludes bibliographical references and index. | ||
| 511 | _aCatalogued By: Mahitab. | ||
| 650 | 0 | _aCapitalism. | |
| 942 |
_cBB _k330.122SOT |
||
| 999 |
_c7172 _d7172 |
||